Statistics for A-Z Picture Jumble

Click here to take the quiz!

General Stats

  • This quiz has been taken 95 times
  • The average score is 18 of 26

Answer Stats

Answer% Correct
Medal
93%
Diamond
91%
Yolk
90%
Nest
88%
Perfume
86%
Skunk
86%
Xylophone
85%
Kayak
80%
Tango
80%
Easel
79%
Iguana
73%
Buffalo
71%
Hedge
71%
Jigsaw
71%
Louvre
70%
Queue
66%
Rhubarb
66%
Vinyl
65%
Fedora
60%
Utensil
59%
Ginger
57%
Obelisk
57%
Artichoke
51%
Wick
51%
Croatia
50%
Zodiac
34%

Score Distribution

Percentile by Number Answered

Percent of People with Each Score

Your Score History

You have not taken this quiz